Normal view
MARC view
- Sarfraz Ahmad Rahi
Entry Personal Name
001 - CONTROL NUMBER
- control field: 1896
003 - CONTROL NUMBER IDENTIFIER
- control field: NUST
005 - DATE AND TIME OF LATEST TRANSACTION
- control field: 20170602091931.0
008 - FIXED-LENGTH DATA ELEMENTS
- fixed length control field: 170602|| aca||aabn | a|a d
040 ## - CATALOGING SOURCE
- Original cataloging agency: NUST
- Transcribing agency: NUST
100 ## - HEADING--PERSONAL NAME
- Personal name: Sarfraz Ahmad Rahi
670 ## - SOURCE DATA FOUND
- Source citation: Work cat.: (NUST)0: Sarfraz Ahmad Rahi, Ishq Ka Qaf, 2010
